Statistics for FIFA World Cup Champions Goalkeepers

Click here to take the quiz!

General Stats

  • This quiz has been taken 450 times
    (295 since last reset)
  • The average score is 8 of 21

Answer Stats

WCCountryGK% Correct
2018FranceHugo Lloris
98%
2014GermanyManuel Neuer
98%
2022ArgentinaEmiliano Martínez
97%
2010SpainIker Casillas
95%
2006ItalyGianluigi Buffon
94%
1998FranceFabien Barthez
66%
1982ItalyDino Zoff
47%
1994BrazilCláudio Taffarel
40%
1966EnglandGordon Banks
37%
1974West GermanySepp Maier
34%
2002BrazilMarcos
27%
1990West GermanyBodo Illgner
21%
1958, 1962BrazilGilmar
10%
1986ArgentinaNery Pumpido
10%
1978ArgentinaUbaldo Fillol
10%
1954West GermanyAnton Turek
9%
1970BrazilFélix
9%
1934ItalyGianpiero Combi
4%
1950UruguayRoque Máspoli
3%
1938ItalyAldo Olivieri
2%
1930UruguayEnrique Ballestero
2%

Score Distribution

Percentile by Number Answered

Percent of People with Each Score

Your Score History

You have not taken this quiz since the last reset